<?xml version="1.0" encoding="UTF-8"?>
<collection xmlns:xsi="http://www.w3.org/2001/XMLSchema-instance" xsi:schemaLocation="http://www.loc.gov/MARC21/slim http://www.loc.gov/standards/marcxml/schema/MARC21slim.xsd" xmlns="http://www.loc.gov/MARC21/slim">
 <record>
  <leader>00000cam a22000004i 4500</leader>
  <controlfield tag="001">UP-99796217611543688</controlfield>
  <controlfield tag="003">Buklod</controlfield>
  <controlfield tag="005">20251205114950.0</controlfield>
  <controlfield tag="006">m    go  j        </controlfield>
  <controlfield tag="007">ta</controlfield>
  <controlfield tag="008">251205s2013    ph a    r     000 j eng c</controlfield>
  <datafield tag="020" ind1=" " ind2=" ">
   <subfield code="a">9789715427142</subfield>
  </datafield>
  <datafield tag="020" ind1=" " ind2=" ">
   <subfield code="a">9715427146</subfield>
  </datafield>
  <datafield tag="035" ind1=" " ind2=" ">
   <subfield code="a">(iLib)UPD-00242105453</subfield>
  </datafield>
  <datafield tag="040" ind1=" " ind2=" ">
   <subfield code="a">DLC</subfield>
   <subfield code="c">DMLF</subfield>
   <subfield code="e">rda</subfield>
  </datafield>
  <datafield tag="041" ind1=" " ind2=" ">
   <subfield code="a">eng</subfield>
  </datafield>
  <datafield tag="042" ind1=" " ind2=" ">
   <subfield code="a">DMLUC</subfield>
  </datafield>
  <datafield tag="090" ind1=" " ind2=" ">
   <subfield code="a">PS 9992.4</subfield>
   <subfield code="b">D46 2013</subfield>
  </datafield>
  <datafield tag="245" ind1="0" ind2="0">
   <subfield code="a">Demons of the new year</subfield>
   <subfield code="b">an anthology of horror fiction from the Philippines</subfield>
   <subfield code="c">Karl R. de Mesa, Joseph Frederic F. Nacino, editors.</subfield>
  </datafield>
  <datafield tag="264" ind1=" " ind2="1">
   <subfield code="a">Diliman, Quezon City</subfield>
   <subfield code="b">The University of the Philippines Press</subfield>
   <subfield code="c">[©2013]</subfield>
  </datafield>
  <datafield tag="300" ind1=" " ind2=" ">
   <subfield code="a">xiv, 144 pages</subfield>
   <subfield code="b">illustrations</subfield>
   <subfield code="c">23 cm</subfield>
  </datafield>
  <datafield tag="336" ind1=" " ind2=" ">
   <subfield code="a">text</subfield>
   <subfield code="2">rdacontent</subfield>
  </datafield>
  <datafield tag="337" ind1=" " ind2=" ">
   <subfield code="a">unmediated</subfield>
   <subfield code="2">rdamedia</subfield>
  </datafield>
  <datafield tag="338" ind1=" " ind2=" ">
   <subfield code="a">volume</subfield>
   <subfield code="2">rdacarrier</subfield>
  </datafield>
  <datafield tag="490" ind1="0" ind2=" ">
   <subfield code="a">Stranger fiction series</subfield>
  </datafield>
  <datafield tag="505" ind1="0" ind2=" ">
   <subfield code="a">Contents: Preface. -- Acknowledgement. -- Introduction.</subfield>
   <subfield code="t">Brother and sister</subfield>
   <subfield code="r">Dean Francis Alfar</subfield>
   <subfield code="t">Salot</subfield>
   <subfield code="r">Eliza Victoria</subfield>
   <subfield code="t">Best served cold</subfield>
   <subfield code="r">Rommel A. Santos</subfield>
   <subfield code="t">The difference degrees of night</subfield>
   <subfield code="r">Don Jaucian</subfield>
   <subfield code="t">K-10 mushroom</subfield>
   <subfield code="r">Marguerite Alcazaren de Leon</subfield>
   <subfield code="t">Dark moving houses</subfield>
   <subfield code="r">Tyron Caliente</subfield>
   <subfield code="t">Demon gaga</subfield>
   <subfield code="r">Carljoe Javier</subfield>
   <subfield code="t">The kambubulag</subfield>
   <subfield code="r">Catherine Batac Walder</subfield>
   <subfield code="t">Grotesquerie</subfield>
   <subfield code="r">Yvette Tan</subfield>
   <subfield code="t">Little hands, little feet</subfield>
   <subfield code="r">Kenneth Yu</subfield>
   <subfield code="t">The Magdalene fist</subfield>
   <subfield code="r">Karl R. De Mesa, illustrated by Gani Simpliciano</subfield>
  </datafield>
  <datafield tag="520" ind1=" " ind2=" ">
   <subfield code="a">Collection of Filipino horror fiction and one graphic novella.</subfield>
  </datafield>
  <datafield tag="546" ind1=" " ind2=" ">
   <subfield code="a">In English.</subfield>
  </datafield>
  <datafield tag="650" ind1=" " ind2="0">
   <subfield code="a">Horror tales, Philippine (English).</subfield>
  </datafield>
  <datafield tag="650" ind1=" " ind2="0">
   <subfield code="a">Short stories, Philippine (English).</subfield>
  </datafield>
  <datafield tag="700" ind1="1" ind2=" ">
   <subfield code="a">De Mesa, Karl R.</subfield>
   <subfield code="d">1978-</subfield>
   <subfield code="e">editor.</subfield>
  </datafield>
  <datafield tag="700" ind1="1" ind2=" ">
   <subfield code="a">Nacino, Joseph Frederic F.</subfield>
   <subfield code="e">editor.</subfield>
  </datafield>
  <datafield tag="842" ind1=" " ind2=" ">
   <subfield code="a">Book</subfield>
  </datafield>
  <datafield tag="905" ind1=" " ind2=" ">
   <subfield code="a">FI</subfield>
  </datafield>
  <datafield tag="905" ind1=" " ind2=" ">
   <subfield code="a">UP</subfield>
  </datafield>
  <datafield tag="852" ind1="0" ind2=" ">
   <subfield code="a">UPD</subfield>
   <subfield code="b">DCAL</subfield>
   <subfield code="h">PS 9992.4</subfield>
   <subfield code="i">D46 2013</subfield>
  </datafield>
  <datafield tag="852" ind1="0" ind2=" ">
   <subfield code="a">UPD</subfield>
   <subfield code="b">DMLF</subfield>
   <subfield code="h">PS 9992.4</subfield>
   <subfield code="i">D46 2013 in stacks</subfield>
  </datafield>
  <datafield tag="852" ind1="0" ind2=" ">
   <subfield code="a">UPD</subfield>
   <subfield code="b">DMLF</subfield>
   <subfield code="h">PS 9992.4</subfield>
   <subfield code="i">D46 2013</subfield>
  </datafield>
  <datafield tag="852" ind1="0" ind2=" ">
   <subfield code="a">UPD</subfield>
   <subfield code="b">GGRR</subfield>
   <subfield code="h">PS 9992.4</subfield>
   <subfield code="i">D46 2013</subfield>
  </datafield>
  <datafield tag="852" ind1="0" ind2=" ">
   <subfield code="a">UPTAC</subfield>
   <subfield code="b">UPTAC</subfield>
   <subfield code="h">PS 9992.4</subfield>
   <subfield code="i">D46 2013</subfield>
  </datafield>
  <datafield tag="942" ind1=" " ind2=" ">
   <subfield code="a">Book</subfield>
  </datafield>
 </record>
</collection>
